书目信息 |
| 题名: |
西藏林芝林牧区养老模式研究
|
|
| 作者: | 陈俊傲 著 | |
| 分册: | ||
| 出版信息: | 北京 人民日报出版社 2020.1 |
|
| 页数: | 243页 | |
| 开本: | 25cm | |
| 丛书名: | 人民日报学术文库 | |
| 单 册: | ||
| 中图分类: | D669.69 | |
| 科图分类: | ||
| 主题词: | 林区--lin qu--养老--社会服务--服务模式--研究--林芝 , 牧区--mu qu--养老--社会服务--服务模式--研究--林芝 | |
| 电子资源: | ||
| ISBN: | 978-7-5115-6183-1 | |
| 000 | 01349oam2 2200289 450 | |
| 001 | 2159496796 | |
| 005 | 20211011172912.0 | |
| 010 | @a978-7-5115-6183-1@b精装@dCNY85.00 | |
| 100 | @a20200323d2020 em y0chiy0120 ea | |
| 101 | 0 | @achi |
| 102 | @aCN@b110000 | |
| 105 | @aak z 000yy | |
| 106 | @ar | |
| 200 | 1 | @a西藏林芝林牧区养老模式研究@Axi cang lin zhi lin mu qu yang lao mo shi yan jiu@e基于发展型社会政策的视角@f陈俊傲著 |
| 210 | @a北京@c人民日报出版社@d2020.1 | |
| 215 | @a243页@c图@d25cm | |
| 225 | 2 | @a人民日报学术文库@Aren min ri bao xue shu wen ku |
| 300 | @a本专著受上海市示范马克思主义学院、上海市高校思想政治工作研究中心(智库)及全面建成小康社会系列丛书资助 | |
| 330 | @a本书以发展型社会政策为视角,通过对西藏林芝三个县林牧区老年人养老现状的实证调查,对林芝林牧区老年人养老模式的设计、建构、体系、机制和路径等进行论证和探索,旨在为林芝林牧区老年人养老问题提供解决方案,为西藏乃至广大农牧区养老模式及其保障体系的政策设计提供借鉴。 | |
| 461 | 0 | @12001 @a人民日报学术文库 |
| 517 | 1 | @a基于发展型社会政策的视角@Aji yu fa zhan xing she hui zheng ce de shi jiao |
| 606 | 0 | @a林区@Alin qu@x养老@x社会服务@x服务模式@x研究@y林芝 |
| 606 | 0 | @a牧区@Amu qu@x养老@x社会服务@x服务模式@x研究@y林芝 |
| 690 | @aD669.69@v5 | |
| 701 | 0 | @a陈俊傲@Achen juan ao@4著 |
| 801 | 0 | @aCN@b百万庄@c20211007 |
| 905 | @b1307497-7500@dD669.69@e273@f4 | |
| 西藏林芝林牧区养老模式研究:基于发展型社会政策的视角/陈俊傲著.-北京:人民日报出版社,2020.1 |
| 243页:图;25cm.-(人民日报学术文库) |
| 本专著受上海市示范马克思主义学院、上海市高校思想政治工作研究中心(智库)及全面建成小康社会系列丛书资助 |
| ISBN 978-7-5115-6183-1(精装):CNY85.00 |
| 本书以发展型社会政策为视角,通过对西藏林芝三个县林牧区老年人养老现状的实证调查,对林芝林牧区老年人养老模式的设计、建构、体系、机制和路径等进行论证和探索,旨在为林芝林牧区老年人养老问题提供解决方案,为西藏乃至广大农牧区养老模式及其保障体系的政策设计提供借鉴。 |
| ● |
| 相关链接 |
|
|
|
|
正题名:西藏林芝林牧区养老模式研究
索取号:D669.69/273
 
预约/预借
| 序号 | 登录号 | 条形码 | 馆藏地/架位号 | 状态 | 备注 |
| 1 | 1307497 | 213074974 | 第一样本阅览室/ [索取号:D669.69/273] | 在馆 | |
| 2 | 1307498 | 213074983 | 第一借阅区/ [索取号:D669.69/273] | 在馆 | |
| 3 | 1307499 | 213074992 | 第一借阅区/ [索取号:D669.69/273] | 在馆 | |
| 4 | 1307500 | 213075009 | 第一借阅区/ [索取号:D669.69/273] | 在馆 |